000 00550nam a2200145Ia 4500
008 171212s9999 xx 000 0 und d
020 _a9781921666100
100 _aMitchell, Cameron Scott
245 _cMitchell, Cameron Scott
_aPhoenix from the Ashes?
260 _bANU E Press
_c2009
440 _aStrategic and Defence Studies Centre (SDSC)
650 _aHistory
650 _aWeapons industry -- Russia; Russia -- Social conditions; Russia -- Economic aspects; Russia -- Economic condition
856 _uwww.jstor.org/stable/10.2307/j.ctt24h372
999 _c351253
_d351253